Départements français de la Révolution à l'Empire - Statistiques

Statistiques générales
  • Ce quiz a été pris 149 fois
  • Le résultat moyen est 75 sur 147
Statistiques - réponses
Numéro Dates Préfecture Département % Correct
01 1790 - Bourg Ain
92%
- 1797 - 1804 Port-Républicain Nord (Saint-Domingue)
90%
60 1790 - Paris Paris, Seine
90%
02 1790 - Laon Aisne
88%
57 1790 - Douai, Lille Nord
88%
19 1790 - 1793, 1811 - Bastia, Ajaccio Corse
87%
05 1790 - Chorges, Gap Hautes-Alpes
87%
68 1793 - Lyon Rhône
87%
12 1790 - Aix, Marseille Bouches-du-Rhône
86%
88 1793 - Feurs, Montbrison Loire
86%
10 1790 - Carcassonne Aude
85%
15 1790 - Angoulême Charente
85%
09 1790 - Troyes Aube
84%
67 1790 - Colmar Haut-Rhin
84%
61 1790 - Arras Pas-de-Calais
84%
03 1790 - Moulins Allier
83%
66 1790 - Strasbourg Bas-Rhin
83%
13 1790 - Caen Calvados
83%
28 1790 - Quimper Finistère
83%
116 1809 - 1814 Rome Tibre, Rome
82%
78 1790 - Toulon, Draguignan, Grasse, Brignoles Var
82%
06 1790 - Privas Ardèche
81%
48 1790 - Coutances, Saint-Lô Manche
81%
20 1790 - Dijon Côte-d'Or
80%
26 1790 - Évreux Eure
80%
29 1790 - Nîmes Gard
80%
35 1790 - Châteauroux Indre
80%
43 1790 - Orléans Loiret
80%
55 1790 - Metz Moselle
80%
08 1790 - Foix Arriège, Ariège
79%
32 1790 - Bordeaux Gironde, Bec-d'Ambès
79%
33 1790 - Montpellier Hérault
79%
36 1790 - Tours Indre-et-Loire
79%
49 1790 - Châlons-sur-Marne Marne
79%
58 1790 - Beauvais Oise
79%
27 1790 - Chartres Eure-et-Loir
78%
30 1790 - Toulouse Haute-Garonne
78%
37 1790 - Grenoble Isère
78%
52 1790 - Nancy Meurthe
78%
54 1790 - Vannes Morbihan
78%
62 1790 - Clermont Puy-de-Dôme
78%
17 1790 - Bourges Cher
77%
18 1790 - Tulle Corrèze
77%
24 1790 - Besançon Doubs
77%
38 1790 - Lons-le-Saunier Jura
77%
65 1790 - Perpignan Pyrénées-Orientales
77%
72 1790 - Melun Seine-et-Marne
77%
82 1790 - Épinal Vosges
77%
85 1793 - 1814 Nice Alpes-Maritimes
76%
11 1790 - Rodez Aveyron
76%
14 1790 - Saint-Flour, Aurillac Cantal
76%
25 1790 - Chabeuil, Valence Drôme
76%
39 1790 - Mont-de-Marsan Landes
76%
44 1790 - Cahors Lot
75%
51 1790 - Laval Mayenne
75%
53 1790 - Bar-le-Duc Meuse
75%
80 1790 - Poitiers Vienne
75%
07 1790 - Mézières Ardennes
74%
22 1790 - Guéret Creuse
74%
50 1790 - Chaumont Haute-Marne
74%
59 1790 - Alençon Orne
74%
71 1790 - Le Mans Sarthe
74%
76 1790 - Amiens Somme
74%
64 1790 - Tarbes Hautes-Pyrénées
73%
34 1790 - Rennes Ille-et-Vilaine
73%
45 1790 - Agen Lot-et-Garonne
73%
46 1790 - Mende Lozère
73%
56 1790 - Nevers Nièvre
73%
79 1790 - Fontenay-le-Comte, La Roche-sur-Yon Vendée, Vengé
73%
70 1790 - Mâcon Saône-et-Loire
72%
89 1793 - Avignon Vaucluse
72%
40 1790 - Blois Loir-et-Cher
71%
23 1790 - Périgueux Dordogne
70%
31 1790 - Auch Gers
70%
41 1790 - Le Puy Haute-Loire
70%
83 1790 - Auxerre Yonne
70%
81 1790 - Limoges Haute-Vienne
69%
77 1790 - Albi, Castres Tarn
69%
47 1790 - Angers Mayenne-et-Loire, Maine-et-Loire
68%
69 1790 - Gray, Vesoul Haute-Saône
65%
- 1797 - 1804 Les Cayes Sud (Saint-Domingue)
65%
75 1790 - Niort Deux-Sèvres
64%
04 1790 - Digne Basses-Alpes
55%
115 1808 - Montauban Tarn-et-Garonne
54%
63 1790 - Navarrenx, Saint-Palais, Pau Basses-Pyrénées
51%
73 1790 - Versailles Seine-et-Oise
49%
42 1790 - Nantes Loire-Inférieure
48%
74 1790 - Rouen Seine-Inférieure
48%
16 1790 - Saintes, La Rochelle Charente-Inférieure
47%
21 1790 - Saint-Brieuc Côtes-du-Nord
43%
104 1801 - 1814 Turin
32%
68 1790 - 1793 Lyon Rhône-et-Loire
30%
84 1792 - 1815 Chambéry Mont-Blanc
26%
126 1810 - 1814 Bois-le-Duc Bouches-du-Rhin
25%
98 1795 - 1814 Luxembourg Forêts
25%
97 1795 - 1814 Namur Sambre-et-Meuse
25%
92 1795 - 1814 Gand Escaut
24%
87 1805 - 1814 Gênes Gênes
24%
99 1798 - 1814 Genève Léman
22%
132 1812 - 1813 Gérone Ter
22%
101 1801 - 1814 Trèves Sarre
20%
125 1810 - 1814 Middelbourg Bouches-de-l'Escaut
19%
- 1797 - 1804 Cap-Français Ouest (Saint-Domingue)
18%
112 1808 - 1814 Florence Arno
17%
128 1811 - 1814 Hambourg Bouches-de-l'Elbe
17%
86 1793, 1795 - 1814 Mons Jemmapes
17%
119 1810 - 1814 La Haye Bouches-de-la-Meuse
16%
134 1812 - 1813 Lérida Bouches-de-l'Èbre
16%
95 1795 - 1814 Maëstricht Meuse-Inférieure
16%
122 1810 - 1814 Leeuwarden Frise
15%
102 1801 - 1814 Coblence Rhin-et-Moselle
15%
100 1801 - 1814 Mayence Mont-Tonnerre
14%
113 1808 - 1814 Livourne Méditerranée
13%
127 1810 - 1814 Sion Simplon
13%
91 1795 - 1814 Bruges Lys
12%
106 1801 - 1814 Alexandrie Marengo
12%
124 1810 - 1814 Aurich Ems-Oriental
11%
123 1810 - 1814 Groningue Ems-Occidental
10%
19 1793 - 1811 Bastia Golo
9%
90 1812 - 1813 Barcelone Montserrat
9%
87 1793 - 1800 Porrentruy Mont-Terrible
9%
109 1801 - 1814 Ivrée Doire
8%
94 1795 - 1814 Bruxelles Dyle
8%
130 1811 - 1814 Osnabrück Ems-Supérieur
8%
103 1801 - 1814 Aix-la-Chapelle Roer
8%
121 1810 - 1814 Arnhem Yssel-Supérieur
8%
118 1810 - 1814 Amsterdam Zuyderzée
8%
120 1810 - 1814 Zwolle Bouches-de-l'Yssel
7%
129 1811 - 1814 Brême Bouches-du-Weser
7%
93 1795 - 1814 Anvers Deux-Nèthes
7%
111 1808 - 1814 Parme Taro
7%
90 1793 - 1811 Ajaccio Liamone
6%
108 1805 - 1814 Savone Montenotte
6%
133 1812 - 1813 Puigcerda Sègre
6%
110 1805 - 1814 Chiavari Apennins
5%
114 1808 - 1814 Sienne Ombrone
5%
96 1795 - 1814 Liège Ourthe
5%
107 1801 - 1814 Verceil Sézia
5%
105 1801 - 1814 Coni Stura
5%
117 1809 - 1814 Spolète Trasimène
5%
131 1811 - 1814 Münster Lippe
4%
- 1797 - 1802 Zante Mer-Égée
4%
- 1797 - 1802 Corfou Corcyre
3%
- 1797 - 1802 Argostoli Ithaque
3%
- 1797 - 1809 San-Yago Samaná, Cibao
3%
108 1801 - 1805 Asti Tanaro
3%
- 1797 - 1809 Saint-Domingue Inganne, Ozama
2%
Aucun quiz correspondant
Distribution des résultats
% des personnes avec chaque résultat
Percentile par nombre de réponses
Votre historique - résultats
Vous n’avez pas pris ce quiz